Soviet almanac /

Bibliographic Details
Corporate Authors: Agentstvo pechati "Novosti.", Media Projects Incorporated
Other Authors: Stein, Sara Bonnett
Format: Book
Language:English
Published: New York : Harcourt Brace Jovanovich, [1981]
Subjects:

MARC

Tag First Indicator Second Indicator Subfields
LEADER 00000pam a2200000 a 4500
001 in00000084273
005 20151008055733.0
008 810219s1981 nyua 00100 eng
010 |a  80007938  
020 |a 0151846014 
020 |a 0156839237 (pbk.) 
035 |a (OCoLC)07274739 
035 |9 AAJ4246AM 
039 0 |a 2  |b 3  |c 3  |d 3  |e 3 
040 |a DLC  |c DLC  |d TXA  |d UtOrBLW 
043 |a e-ur--- 
049 |a TXAM  |c [1502325] 
050 0 0 |a DK17  |b .S6367 
082 0 |a 947.085  |2 19 
245 0 0 |a Soviet almanac /  |c compiled by the editors and photographers of Novosti Press ; [created by Media Projects Incorporated ; edited by Sara B. Stein]. 
264 1 |a New York :  |b Harcourt Brace Jovanovich,  |c [1981] 
264 4 |c ©1981 
300 |a 276 pages :  |b illustrations (some color) ;  |c 26 cm. 
336 |a text  |b txt  |2 rdacontent 
337 |a unmediated  |b n  |2 rdamedia 
338 |a volume  |b nc  |2 rdacarrier 
500 |a Includes index. 
651 0 |a Soviet Union  |x Handbooks, manuals, etc. 
700 1 |a Stein, Sara Bonnett. 
710 2 |a Agentstvo pechati "Novosti." 
710 2 |a Media Projects Incorporated. 
999 |a MARS 
999 f f |s a543148e-2215-3f5b-86dd-073e7ec82ffc  |i 94116786-531f-3360-93d6-31b5fe2c9720  |t 0 
952 f f |p ric  |a Texas A&M University  |b Rellis Campus  |c Joint Library Facility  |d Remote Storage  |t 0  |e DK17 .S6367  |h Library of Congress classification  |i unmediated -- volume  |m A14806099038 
998 f f |a DK17 .S6367  |t 0  |l Remote Storage